| 000 | 00466nam a2200133Ia 4500 | ||
|---|---|---|---|
| 008 | 231129s1997||||xx |||||||||||||| ||spa|| | ||
| 020 | _a958-95709-9 | ||
| 040 | _bspa | ||
| 082 | _a371.26 E92 | ||
| 245 | 0 | _aEvaluación proyecto educativo y descentralización en la educación | |
| 260 | _c1997 | ||
| 264 | _aUniversidad Pedagógica Nacional. Postgrado evaluación escolar y desarrollo educativo regional | ||
| 942 |
_2ddc _cBKS |
||
| 999 |
_c13735 _d13735 |
||